Responses for Show #5189 - Thursday, March 15, 2007

Contestants

[<< previous game]

Michael Bandiera, an attorney from Burbank, California

Bobbie Hartman, a publications coordinator originally from Glasgow, Virginia

Scott Weiss, a computer science professor from Walkersville, Maryland (whose 1-day cash winnings total $24,600)

[next game >>]

Jeopardy! Round responses

WORLD LEADERS
(Alex: You have to name the film in...)
QUOTABLE CINEMA
BIRTHSTONES
BEFORE & AFTER
ALL BARK
NO BYTE
(Alex: And in the last category, each correct response will be a computer-related term. So I hope you're into computers.)
    $200 12
Tony Blair

Michael
    $200 7
(Alex: That was Groucho Marx in [*].)

Animal Crackers

Triple Stumper
    $200 1
a diamond

Scott
    $200 4
Mona Lisa Simpson

Michael
    $200 17
a cypress

Michael
    $200 18
a mouse

Scott
    $400 13
Jacques Chirac

Scott
    $400 8
Chinatown

Scott
    $400 2
aquamarine

Bobbie
    $400 23
"Hungry Like The Wolf Blitzer"

Michael
    $400 27
cedars

Scott
    $400 19
viruses

Michael
    $600 14
(Hugo) Chavez

Scott
    $600 9
(Alex: Correct, Al Pacino.)

Dog Day Afternoon

Michael
    $600 3
amethyst

Triple Stumper
    $600 24
John Jay Gatsby

Scott
    $600 28
a turpentine tree

Scott
    $600 20
a monitor

Triple Stumper
    $800 15
(Vladimir) Putin

Scott
    $800 10
(Alex: Yes, Al Pacino again.)

The Godfather: Part III

Scott
    $800 5
Topaz

Scott
    $800 25
mobile home rule

Triple Stumper
    $800 29
beeches

Bobbie
    $800 21
printers

Michael
    $1,000 16
Indira Gandhi

Scott
    $1000 11
E.T. the Extra-Terrestrial

Scott
    $1000 6
emerald

Bobbie
    $1000 26
Cracker Barrel roll

Bobbie
    $1000 30
a Douglas

Bobbie
    $1000 22
Memory

Scott

Scores at the first commercial break (after clue 16):

Scott Bobbie Michael
$6,000 $1,400 $1,000

Scores at the end of the Jeopardy! Round:

Scott Bobbie Michael
$8,800 $4,200 $2,800

Double Jeopardy! Round responses

RAMSES THE GREAT
GARY-MANDERING
FILL IN THE AUTHOR'S NAME
U.S. LAKES & RIVERS
PEOPLES
THE "IDE"S OF MARCH
    $400 7
dynasties

Scott
    $400 6
Gary Coleman

Scott
    $400 21
Conan

Bobbie
    $400 1
(Scott: What is Puget Sound?)
(Michael: What is the Columbia?)
...
(Alex: What is [*]? [*]. Perhaps a little tough to start the category with.)

Crater Lake

ScottMichael
Triple Stumper
    $400 26
(Bobbie: Who are the Anglo-Saxons?)

Celts (Celtic accepted)

BobbieMichael
    $400 15
bedside manner

Scott
    $800 8
Libya

Scott
    $800 11
Gary Cooper

Scott
    $800 22
(Scott: What is Keenan?)
[Initially ruled correct; reversed before Final Jeopardy!]

Kinnan

Scott
Triple Stumper
    $1,000 2
the Missouri River

Michael
    $800 27
Madagascar

Michael
    $800 17
park-and-ride

Michael
    $1,000 9
love

Scott
    $1200 13
Gary Busey

Bobbie
    $1200 23
Anne

Scott
    $1200 3
the Arkansas River

Michael
    $1200 28
the Vikings

Bobbie
    $1200 18
landslide

Scott
    $1600 10
"Ozymandias"

Bobbie
    $1600 14
Gary Lewis

Michael
    $1600 24
Rider

Scott
    $1600 4
the Wabash

Michael
    $1600 29
the Aryans

Triple Stumper
    $1600 19
high tide

Scott
    $2000 12
Hittites

Scott
    $2000 16
Gary Owens

Michael
    $2000 25
(Bobbie: What is C.?)

Charles

Bobbie
Triple Stumper
    $2000 5
(Michael: What is Emerald Lake?)

Pyramid Lake

Michael
Triple Stumper
    $2000 30
the Acadians

Bobbie
    $2000 20
fratricide & patricide

Bobbie

Scores at the end of the Double Jeopardy! Round:

Scott Bobbie Michael
$19,000 $10,200 $9,800

[wagering suggestions for these scores]

Final Jeopardy! Round responses

NOVEL TITLES
MichaelWhat is The Grapes of Wrath?
$9,201
BobbieWhat a is The Grapes of Wrath?
$10,000
ScottWhat are The Grapes of Wrath?
$1,401
The Grapes of Wrath

Final scores:

Scott Bobbie Michael
$20,401 $20,200 $19,001
2-day champion: $45,001 2nd place: $2,000 3rd place: $1,000

Game dynamics:

Coryat scores:

Scott Bobbie Michael
$19,200 $10,200 $9,600
25 R
(including 2 DDs),
2 W
11 R,
2 W
15 R
(including 1 DD),
2 W

Combined Coryat: $39,000

[game clues] [game scores] [suggest correction]

Game tape date: 2006-12-12
The J! Archive is created by fans, for fans. Scraping, republication, monetization, and malicious use prohibited; this site may use cookies and collect identifying information. See terms. The Jeopardy! game show and all elements thereof, including but not limited to copyright and trademark thereto, are the property of Jeopardy Productions, Inc. and are protected under law. This website is not affiliated with, sponsored by, or operated by Jeopardy Productions, Inc. Join the discussion at JBoard.tv.